| 000 | 00662nam a22002537a 4500 | ||
|---|---|---|---|
| 003 | UA-OsUOA | ||
| 001 | 31930 | ||
| 007 | ta | ||
| 008 | 20050117b un ||||| |||| 00| 0 ukr d | ||
| 100 | _aКовальчук Іван | ||
| 090 |
_a82-311.6:34 _bК56 |
||
| 942 | _cBK | ||
| 040 |
_aUA-OsUOA _bukr _cUA-OsUOA _dUA-OsUOA |
||
| 245 |
_aРомани прокурорські _bПолітико-юридичний нарис |
||
| 300 | _a180 с. | ||
| 955 | _a0 | ||
| 041 | _aukr | ||
| 080 | _a82-311.6:34 | ||
| 020 | _a966-525-442-1 | ||
| 260 |
_aДніпропетровськ _bПороги _c2003 |
||
| 044 | _aUA | ||
| 650 | 7 | _2UDC | |
| 999 |
_c318366 _d318366 |
||